000 01389cam a22003978i 4500
001 20206586
003 OSt
005 20230930144649.0
008 171214s2019 mau 000 0 eng
010 _a 2017059594
020 _a9789353945237
020 _a9780134995380
020 _a0134995384
040 _aDLC
_beng
_erda
_cDLC
_dDLC
042 _apcc
050 0 0 _aTA340
_b.J66 2019
082 0 0 _a519.202462
_bJOH/M
100 1 _aJohnson, Richard A.
_q(Richard Arnold),
_d1937-
_eauthor.
_99647
245 1 0 _aMiller & Freund's probability and statistics for engineers /
_cRichard A. Johnson, University of Wisconsin--Madison.
246 3 _aMiller and Freund's probability and statistics for engineers
246 3 0 _aProbability and statistics for engineers
250 _aNinth edition.
263 _a1804
264 1 _aBoston :
_bPearson Education, Inc.,
_c[2019]
300 _a546 pages
336 _atext
_btxt
_2rdacontent
337 _aunmediated
_bn
_2rdamedia
338 _avolume
_bnc
_2rdacarrier
650 0 _aEngineering
_xStatistical methods.
650 0 _aProbabilities.
700 1 _aMiller, Irwin,
_d1928-
700 1 _aFreund, John E.
906 _a7
_brip
_corignew
_d1
_eecip
_f20
_gy-gencatlg
942 _2ddc
_cBK
_h519.202462
_iJOH/M
_k519.202462
_mJOH/M
999 _c42354
_d42354